Star Wars Sith - Statystyki

Ogólne statystyki
  • Ten quiz został rozwiązany 457 razy
    315 od ostatniego zresetowania
  • Średni wynik to 8 z 26
Statystyki odpowiedzi
LP Odpowiedź % Poprawnych
12 Darth Vader
98%
17 Darth Maul
88%
11 Darth Sidious
82%
15 Hrabia Dooku
66%
20 Kylo Ren/Ben Solo
58%
13 Darth Bane
52%
16 Darth Nihilus
44%
24 Revan
42%
10 Darth Plagueis
39%
14 Darth Malak
36%
25 Darth Malgus
34%
21 Snoke
26%
18 Savage Opress
24%
26 Asajj Ventress
22%
4 Czwarta siostra
14%
2 Druga Siostra
14%
3 Trzecia Siostra
14%
1 Wielki Inkwizytor
14%
9 Dziewiąta Siostra
13%
5 Piąty Brat
12%
7 Siódma Siostra
12%
6 Szósty Brat
12%
8 Ósmy Brat
11%
22 Baylan Skoll
4%
23 Shin Hati
4%
19 Matka Talzin
3%
Nie znaleziono quizów pasujących do podanych kryteriów
Rozkład punktacji
Procent ludzi z każdym wynikiem
Percentyl według liczby udzielonych odpowiedzi
Twoja historia wyników
Nie rozwiązałeś tego quizu od ostatniego zresetowania